000 01551nam0a2200337 4500
001 RU\NLR\bibl\1762102
005 20250616124439.0
010 _a978-5-87623-396-7
_9100
021 _aRU
_b2011-23640
_91673
035 _a(NLR Aleph) 001752909
090 _a1530058
_c1530058
100 _a20110421d2011 |||y0rusy50 ca
101 0 _arus
102 _aRU
105 _ay |||||||||
200 1 _aМетоды математической физики
_eволновое уравнение на отрезке
_eучебное пособие
_fИ.Э. Гурьянова, В.Г. Облаков
_gМ-во образования и науки РФ, Федер. гос. образоват. учреждение высш. проф. образования "Нац. исслед. технол. ун-т "МИСиС"
210 _aМосква
_cМИСиС
_d2011
215 _a27 с.
_d21
313 _aструна
320 _aБиблиогр.: с. 27 (4 назв.)
606 1 _aСтруна
_jУчебные издания для высших учебных заведений
_xКолебания
_xДифференциальные уравнения
_91703082
_3RU\NLR\auth\661056209
686 _aВ251.626.5с11я73-1
700 1 _aГурьянова
_bИ. Э.
_gИрина Эдуардовна
_4070
701 1 _aОблаков
_bВ. Г.
_gВладимир Григорьевич
_4070
801 0 _aRU
_bNLR
_c20110421
_gRCR
801 1 _aRU
_bNLR
_c20110421
830 _aпо кн
942 _cBOOK
980 _aNB
980 _aNBR